000 00866pam a2200265 a 4500
001 2522867
003 OSt
005 20240704095915.0
008 930611s1994 nyua 001 0 eng
010 _a 93014451
020 _a0393965112
040 _aDLC
_cMUST
_dDLC
082 0 0 _a330 STI 1994
100 1 _aStiglitz, Joseph E.
_918361
245 1 0 _aEconomics and the Canadian economy /
_cJoseph E. Stiglitz, Robin W. Boadway.
250 _a1st ed.
260 _aNew York :
_bNorton,
_c1994.
300 _axxxix, 1176 p. :
_bcol. ill. ;
_c27 cm.
500 _aIncludes index.
650 0 _aEconomics.
_9975
700 1 _aBoadway, Robin W.,
_d1943-
_918362
906 _a7
_bcbu
_corignew
_d1
_eocip
_f19
_gy-gencatlg
942 _2ddc
_cO_SHELF
999 _c9053
_d9053